[Event "VIE-ch U09 Girls"]
[Site "Ho Chi Minh City"]
[Date "2014.07.16"]
[Round "6"]
[White "Phan, Luu Binh Minh"]
[Black "Vu, Ngoc Lan Chi"]
[Result "1-0"]
[WhiteElo "1579"]
[BlackElo "1596"]
[PlyCount "73"]
[EventDate "2014.07.13"]
[EventType "swiss"]
[EventRounds "9"]
[EventCountry "VIE"]
[SourceTitle "EXT 2016"]
[Source "ChessBase"]
[SourceDate "2015.10.08"]
[SourceVersion "1"]
[SourceVersionDate "2015.10.08"]
[SourceQuality "1"]

1. e4 e5 2. Nf3 Nc6 3. Bc4 Bc5 4. Nc3 d6 5. h3 Nf6 6. d3 h6 7. 0-0 0-0 8. Be3 Bb6 9. Qd2 Nd4 10. Bxd4 Bxd4 11. Nxd4 exd4 12. Nd5 c6 13. Nxf6+ Qxf6 14. f4 b5 15. Bb3 a5 16. a3 a4 17. Ba2 Re8 18. Qf2 Be6 19. f5 Bxa2 20. Rxa2 Rad8 21. Raa1 d5 22. exd5 Rxd5 23. Rad1 Ree5 24. Qd2 Rxf5 25. Rde1 Qg6 26. Rxf5 Rxf5 27. Re2 Rf3 28. Rf2 Rxh3 29. Qe1 Kf8 30. Qb4+ Kg8 31. Qxd4 f6 32. Qd6 Qg5 33. Qe6+ Kh7 34. Qxh3 Qe5 35. Qf5+ Qxf5 36. Rxf5 Kg6 37. Rc5 1-0